000 01303nam a2200241 a 4500
001 BRCA_8708
005 20190320210356.0
008 300117s1775----sp-#######---#000-0#spa-#
041 _aspa
044 _asp
084 _aBE48
_b.B47 1775
100 1 _aBerruyer, Isaac Joseph
_921697
245 1 0 _aHistoria del pueblo de Dios
_bsegunda parte, sacada solamente de los libros santos, o el sagrado texto de los libros del nuevo testamento, reducido a un cuerpo de historia, desde el nacimiento del messias, hasta el fin de la synagoga, en que se comprende el nacimiento de la iglesia, hechos apostólicos, y principios del pueblo cristiano.
_cescrito en el idioma francés por el P. Isaac Joseph Berruter, de la compañía de Jesús, y traducido al español por el P. Antonio Espinosa, de la misma compañia
250 _a1a ed. en castellano
260 _aMadrid
_bEn la imprenta de la viuda de Manuel Fernández, y del Supremo Consejo de la Inquisición
_c1775
300 _a[6], 379 p. (t.3)
_c21.5 x 16 cm.
500 _aEstado físico: presenta lomo desprendido, con cintas rotas
650 1 4 _aBiblia
_yObras anteriores a 1800
_921698
650 1 4 _aCrítica e interpretación
_yObras anteriores a 1800
_921699
700 1 _aEspinosa, Antonio (S.I.)
_etr.
_921700
902 _aCFM
942 _2lcc
_cB
999 _c8360
_d8360